Statistics for Third largest cities by every letter

Click here to take the quiz!

General Stats

  • This quiz has been taken 39 times
  • The average score is 10 of 26

Answer Stats

LetterLargestSecond largestThird largest% Correct
BBeijingBangkokBuenos Aires
79%
LLagosLos AngelesLondon
76%
SShanghaiSeoulSao Paulo
70%
CCairoChengduChennai
64%
MManilaMumbaiMexico City
64%
HHangzhouHo Chi Minh CityHyderabad
61%
KKarachiKolkataKinshasa
61%
AAhmedabadAccraAlexandria
52%
DDelhiDhakaDallas
52%
NNew York CityNagoyaNanjing
42%
PParisPhiladelphiaPune
42%
TTokyoTehranTianjin
42%
FFuzhouFaisalabadFortaleza
39%
EEdmontonEzhouErbil
36%
UÜrümqiUlaanbaatarUfa
33%
OOsakaOrlandoOuagadougou
27%
WWuhanWashington D.CWenzhou
24%
R*Rio de JaneiroRiyadhRuhr area
21%
GGuangzhouGuadalajaraGuiyang
18%
JJakartaJohannesburgJinan
18%
IIstanbulIbadanIndore
15%
XXiamenXi'anXuzhou
9%
QQingdaoQuitoQinhuangdao
6%
VVancouverVadodaraVishakhapatnam
6%
YYangonYaoundéYantai
6%
ZZhengzhouZiboZhuhai
6%

Score Distribution

Percentile by Number Answered

Percent of People with Each Score

Your Score History

You have not taken this quiz